| 000 | 00000nam##2200000za#4500 |
| 001 | 9.662938 |
| 003 | CaOODSP |
| 005 | 20210615120816 |
| 007 | ta |
| 008 | 150407|2001||||xxc||||| f|0| 0 fre|d |
| 020 | |a0-660-61641-6 |
| 040 | |aCaOODSP|bfre |
| 041 | |aeng |
| 041 | |afre |
| 043 | |an-cn--- |
| 086 | 1 |aCW66-203/2001 |
| 110 | 2 |aService canadien de la faune. |
| 245 | 10|aGuide d'identification CITES - esturgeons et spatules |
| 260 | |aOttawa - Ontario : |bEnvironnement Canada. |c2001. |
| 300 | |a151p. En pagination multiple. ; |c28 cm. |
| 500 | |aDonnées de catalogage avant publication (Canada) imprimées dans cette publication. |
| 546 | |aTexte en français, anglais et espagnol |
| 563 | |aReliure à spirale |
| 590 | |a01-41|b2001-10-12 |
| 776 | 0#|tCITES identification guide - sturgeons and paddlefish |w(CaOODSP)9.675335 |
| 791 | |tCITES identification guide -- sturgeons and paddlefish |eeng|w(CaOODSP)9.662937 |